[Event "2019 Standard Chess Dropout Tournament, Round 2"]
[Site "SchemingMind.com"]
[Date "2019.04.10"]
[Round "2"]
[White "Dicken"]
[Black "surfnsuds"]
[Result "1-0"]
[WhiteCountry "GER"]
[BlackCountry "USA"]
[WhiteElo "2132"]
[WhiteRD "66"]
[BlackElo "1268"]
[BlackRD "88"]
[GameID "440101"]

1. e4 e5 2. f4 exf4 3. Bc4 Qh4+ 4. Kf1 Bc5 5. d4 Bb6 6. Nc3 Nc6 7. Nf3 Qg4 8. h3 Qg6 9. Nd5 Nge7 10. Nxf4 Qxe4
11. Bd3 Qxd4 12. Nxd4 Bxd4 13. c3 Be5 14. Kf2 O-O 15. Re1 Bf6 16. Nh5 Bh4+ 17. g3 Bf6 18. Nxf6+ gxf6 19. Qf3 Kg7 20. Bh6+ Kxh6
21. Qxf6+ Kh5 22. g4#
1-0

[Event "2019 Standard Chess Dropout Tournament, Round 2"]
[Site "SchemingMind.com"]
[Date "2019.04.14"]
[Round "2"]
[White "Don71"]
[Black "Helga1946"]
[Result "1-0"]
[WhiteCountry "NIR"]
[BlackCountry "GER"]
[WhiteElo "2409"]
[WhiteRD "88"]
[BlackElo "2202"]
[BlackRD "79"]
[GameID "440102"]

1. e4 e5 2. Nf3 Nc6 3. d4 exd4 4. Nxd4 Qh4 5. Nc3 Bb4 6. Be2 Qxe4 7. Nb5 Bxc3+ 8. bxc3 Kd8 9. O-O Nf6 10. Nd4 Nxd4
11. cxd4 Re8 12. Re1 b6 13. Be3 Qe6 14. c4 Bb7 15. d5 Qe5 16. Rb1 h6 17. Bd4 Qg5 18. Rb3 Ne4 19. Re3 c5 20. Bb2 Nd6
21. Rxe8+ Nxe8 22. Bd3 Kc7 23. f4 Qd8 24. Qh5 f6 25. Qf7 b5 26. Bc3 b4 27. Ba1 Rc8 28. h3 Ba6 29. Re6 Bxc4 30. Bxc4 Nd6
31. Rxd6 Kxd6 32. Qxg7 Qe7 33. Qxf6+ Qxf6 34. Bxf6 Re8 35. Kf2 Re4 36. Be5+ Rxe5 37. fxe5+ Kxe5 38. Ke3 h5 39. g3 a5 40. Bb3 d6
41. Kd3
1-0

[Event "2019 Standard Chess Dropout Tournament, Round 2"]
[Site "SchemingMind.com"]
[Date "2019.04.14"]
[Round "2"]
[White "echecs"]
[Black "simon_w"]
[Result "1-0"]
[WhiteCountry "ENG"]
[BlackCountry "IRL"]
[WhiteElo "1785"]
[WhiteRD "61"]
[BlackElo "1747"]
[BlackRD "117"]
[GameID "440103"]

1. e4 e5 2. Nf3 Nc6 3. Bc4 Nf6 4. Ng5 d5 5. exd5 Nd4 6. c3 b5 7. cxd4 bxc4 8. dxe5 Nxd5 9. d4 Be7 10. Ne4 O-O
11. O-O Bf5 12. Nbc3 c6 13. Ng3 Bd3 14. Re1 Bg5 15. Nge4 Bxc1 16. Rxc1 f5 17. Nc5 Qe7 18. Nxd3 cxd3 19. Qxd3 Qg5 20. Nxd5 cxd5
21. Qb5 f4 22. Qxd5+ Kh8 23. f3 h6 24. Qe4 Qe7 25. d5 Rad8 26. d6 Qe6 27. b3 g5 28. Rc7 Rd7 29. Qb7 Rff7 30. Qxa7
1-0

[Event "2019 Standard Chess Dropout Tournament, Round 2"]
[Site "SchemingMind.com"]
[Date "2019.04.15"]
[Round "2"]
[White "Ed Mason"]
[Black "Wojtek26"]
[Result "1-0"]
[WhiteCountry "WLS"]
[BlackCountry "POL"]
[WhiteElo "1722"]
[WhiteRD "103"]
[BlackElo "1614"]
[BlackRD "73"]
[GameID "440104"]

1. e4 e5 2. Nf3 Nc6 3. Bc4 Nf6 4. Ng5 d5 5. exd5 Na5 6. Bb5+ c6 7. dxc6 bxc6 8. Bd3 h6 9. Ne4 Bg4 10. Nxf6+ Qxf6
11. Qxg4 Bc5 12. O-O h5 13. Qf5 Qd6 14. Nc3 g6 15. Qe4 f5 16. Qh4 e4 17. Be2 Rd8 18. d3 O-O 19. dxe4 fxe4 20. Nxe4
1-0

[Event "2019 Standard Chess Dropout Tournament, Round 2"]
[Site "SchemingMind.com"]
[Date "2019.04.14"]
[Round "2"]
[White "edg"]
[Black "Raymond de Kemp"]
[Result "1-0"]
[WhiteCountry "USA"]
[BlackCountry "NED"]
[WhiteElo "1767"]
[WhiteRD "73"]
[BlackElo "1753"]
[BlackRD "79"]
[GameID "440105"]

1. b3 e5 2. Bb2 Nc6 3. e3 g6 4. f4 Bg7 5. Nf3 d6 6. Bb5 Bd7 7. fxe5 dxe5 8. e4 a6 9. Bxc6 Bxc6 10. d3 f6
11. Nbd2 Ne7 12. Qe2 Qd7 13. h3 g5 14. O-O-O Ng6 15. g3 O-O-O 16. Qe3 b6 17. Nc4 Bf8 18. a3 Bb5 19. a4 Bc6 20. d4 Qe8
21. d5 Bc5 22. Qe2 Bb7 23. Ba3 Bxa3+ 24. Nxa3 Qe7 25. Kb2 h5 26. h4 g4 27. Nd2 Rhf8 28. Rhf1 Kb8 29. Ndc4 Bc8 30. Ka2 f5
31. exf5 Bxf5 32. Ne3 Bc8 33. Rxf8 Nxf8 34. Rf1 Nd7 35. Qd3 e4 36. Qc3 Nc5 37. Nac4 Nb7 38. Ne5 Bd7 39. Rf7 Qe8 40. Nxd7+ Rxd7
41. Rxd7 Qxd7 42. Qh8+ Ka7 43. Qxh5 Nc5 44. Qxg4 Qxg4 45. Nxg4 Nd7 46. Ne3 Nf6 47. g4 Kb7 48. h5 Nh7 49. b4 Kc8 50. Kb3 Kd7
51. Kc4 Kd6 52. Kd4 Nf6 53. b5 a5 54. h6 Nh7 55. Kxe4 Ke7 56. Kf5 Kf7 57. g5 Kg8 58. Ng4 Nf8 59. g6 Nd7 60. Nf6+
1-0

[Event "2019 Standard Chess Dropout Tournament, Round 2"]
[Site "SchemingMind.com"]
[Date "2019.04.12"]
[Round "2"]
[White "frankly"]
[Black "Robert Bruce"]
[Result "1-0"]
[WhiteCountry "ENG"]
[BlackCountry "SCO"]
[WhiteElo "2572"]
[WhiteRD "66"]
[BlackElo "2384"]
[BlackRD "68"]
[GameID "440106"]

1. d4 Nf6 2. c4 c5 3. d5 b5 4. cxb5 a6 5. bxa6 g6 6. Nc3 Bxa6 7. e4 Bxf1 8. Kxf1 d6 9. Nf3 Bg7 10. g3 Nbd7
11. Kg2 Qa5 12. a4 O-O 13. Re1 Rfc8 14. Nb5 c4 15. Qc2 Nc5 16. Qxc4 Ncxe4 17. Qd4 Nc5 18. b4 Qa6 19. bxc5 Nh5 20. Qd3 Bxa1
21. c6 Bf6 22. Re4 Ng7 23. Bh6 g5 24. Rg4
1-0

[Event "2019 Standard Chess Dropout Tournament, Round 2"]
[Site "SchemingMind.com"]
[Date "2019.04.15"]
[Round "2"]
[White "FransEvers"]
[Black "Dicken"]
[Result "1/2-1/2"]
[WhiteCountry "NED"]
[BlackCountry "GER"]
[WhiteElo "1975"]
[WhiteRD "111"]
[BlackElo "2148"]
[BlackRD "70"]
[GameID "440107"]

1. e4 c5 2. Nf3 d6 3. d4 cxd4 4. Nxd4 Nf6 5. Nc3 a6 6. Be3 e5 7. Nb3 Be6 8. f3 Be7 9. Qd2 Nbd7 10. O-O-O O-O
11. g4 b5 12. g5 b4 13. Ne2 Ne8 14. f4 a5 15. f5 a4 16. fxe6 axb3 17. exf7+ Rxf7 18. cxb3 Rxa2 19. Kb1 Qa8 20. Ng3 Ra1+
21. Kc2 Rxf1 22. Rhxf1 Qc6+ 23. Kd3 Qa6+ 24. Kc2 Qc8+ 25. Kd3 Qa6+ 26. Kc2 Qc8+=
1/2-1/2

[Event "2019 Standard Chess Dropout Tournament, Round 2"]
[Site "SchemingMind.com"]
[Date "2019.04.11"]
[Round "2"]
[White "George Dimitrov"]
[Black "Ramesh Panwar"]
[Result "1/2-1/2"]
[WhiteCountry "BUL"]
[BlackCountry "IND"]
[WhiteElo "2491"]
[WhiteRD "80"]
[BlackElo "2600"]
[BlackRD "72"]
[GameID "440108"]

1. e4 c5 2. Nf3 d6 3. d4 cxd4 4. Nxd4 Nf6 5. Nc3 g6 6. Be3 Bg7 7. f3 O-O 8. Qd2 Nc6 9. Bc4 Na5 10. Bb3 Nxb3
11. axb3 Bd7 12. O-O Re8 13. Rfd1 a6 14. Qf2 Qc7 15. Bg5 Bc6 16. Qd2 d5 17. Nxc6 bxc6 18. Qe2 a5 19. exd5 cxd5 20. Nxd5 Nxd5
21. Rxd5 e6 22. Rd3 a4 23. Rxa4= Rxa4 24. bxa4 Bxb2 25. Qe4 Be5=
1/2-1/2

[Event "2019 Standard Chess Dropout Tournament, Round 2"]
[Site "SchemingMind.com"]
[Date "2019.04.11"]
[Round "2"]
[White "Glenn O'Brien"]
[Black "Stephen Woodhouse"]
[Result "0-1"]
[WhiteCountry "AUS"]
[BlackCountry "ENG"]
[WhiteElo "1926"]
[WhiteRD "86"]
[BlackElo "1884"]
[BlackRD "78"]
[GameID "440109"]

1. e4 e6 2. d4 d5 3. Nc3 dxe4 4. Nxe4 Nd7 5. Nf3 Ngf6 6. Nxf6+ Nxf6 7. Bd3 c5 8. Be3 Qc7 9. Qe2 Bd6 10. dxc5 Bxc5
11. Bxc5 Qxc5 12. O-O-O Bd7 13. Ne5 Rd8 14. Nxd7 Nxd7 15. f4 O-O 16. Qe4 Nf6 17. Qxb7 Qe3+ 18. Kb1 Qxf4 19. Qe4 Nxe4
0-1

[Event "2019 Standard Chess Dropout Tournament, Round 2"]
[Site "SchemingMind.com"]
[Date "2019.04.14"]
[Round "2"]
[White "Helga1946"]
[Black "Shanks"]
[Result "1-0"]
[WhiteCountry "GER"]
[BlackCountry "ENG"]
[WhiteElo "2225"]
[WhiteRD "81"]
[BlackElo "1346"]
[BlackRD "76"]
[GameID "440110"]

1. c4 c6 2. e4 e6 3. Nc3 d6 4. a3 a6 5. d4 Ne7 6. Be3 Nd7 7. b4 e5 8. d5 cxd5 9. cxd5 Nf6 10. b5 axb5
11. Bxb5+ Nd7 12. Qb3 Ng6 13. Nf3 Be7 14. Bb6 O-O 15. Bxd8 Bxd8 16. Bxd7 Bxd7 17. O-O Bc8 18. Nd2 Be7 19. Nb5 Rd8 20. Rfc1 Bd7
21. Rc7 Nf4 22. Rxb7 Bxb5 23. Qxb5 Ng6 24. a4 h6 25. a5 Rac8 26. a6 Rc5 27. Qb6 Bg5 28. Qxd8+ Kh7 29. Qe8 Bxd2 30. Qxf7 Rc1+
31. Rxc1 Bxc1 32. Qxg7#
1-0

[Event "2019 Standard Chess Dropout Tournament, Round 2"]
[Site "SchemingMind.com"]
[Date "2019.04.12"]
[Round "2"]
[White "Holty"]
[Black "Omahony"]
[Result "0-1"]
[WhiteCountry "ENG"]
[BlackCountry "ENG"]
[WhiteElo "1822"]
[WhiteRD "61"]
[BlackElo "1785"]
[BlackRD "72"]
[GameID "440111"]

1. d4 d5 2. Nf3 e6 3. e3 Bd6 4. Bd3 Nd7 5. b3 f5 6. Bb2 Ngf6 7. O-O Ne4 8. c4 c6 9. Nbd2 Qf6 10. c5 Bc7
11. b4 a6 12. a4 O-O 13. a5 g5 14. Bxe4 fxe4 15. Ne1 Qh6 16. g3 Nf6 17. f3 Qh3 18. Qe2 Bd7 19. Qg2 Qxg2+ 20. Nxg2 Rae8
21. f4 h6 22. fxg5 hxg5 23. Rae1 Kg7 24. Rf2 Rf7 25. Nf1 Ref8 26. h3 Kg6 27. h4 Ng4 28. Rxf7 Rxf7 29. Re2 e5 30. Bc1 Rf3
31. hxg5 Kxg5 32. Nh4 Rf7 33. Kg2 Kh5 34. Bb2 exd4 35. Bxd4 Bd8 36. Nh2 Bxh4 37. gxh4 Kxh4 38. Nxg4 Kxg4 39. Kg1 Kh4 40. Rh2+ Bh3
41. Rf2 Rf3 42. Rxf3 exf3 43. Be5 Kg4 44. Kf2 Bg2 45. Bd4 Kf5 46. Bb2 Ke4 47. Bc3 Kd3 48. Be1 Bh1 49. Kf1 Kxe3 50. Bf2+ Kd3
51. Be1 d4 52. Kf2 Kc2 53. Kg1 Kd1 54. Kf2 d3 55. Bc3 Kc2
0-1

[Event "2019 Standard Chess Dropout Tournament, Round 2"]
[Site "SchemingMind.com"]
[Date "2019.04.14"]
[Round "2"]
[White "John Hamer"]
[Black "edg"]
[Result "1-0"]
[WhiteCountry "ENG"]
[BlackCountry "USA"]
[WhiteElo "1984"]
[WhiteRD "66"]
[BlackElo "1668"]
[BlackRD "78"]
[GameID "440112"]

1. e4 c5 2. d4 cxd4 3. c3 dxc3 4. Nxc3 e6 5. Nf3 a6 6. Bc4 Qc7 7. Qe2 b5 8. Bb3 g6 9. O-O Bg7 10. Rd1 Ne7
11. a3 O-O 12. Be3 Nbc6 13. Bc5 Re8 14. Bd6 Qa7 15. Rac1 Kh8 16. e5 Nf5 17. Ne4 Nxd6 18. Nxd6 Rf8 19. Qe4 f6 20. Bxe6 f5
21. Qh4 dxe6 22. Rxc6 Qd7 23. Rdc1
1-0

[Event "2019 Standard Chess Dropout Tournament, Round 2"]
[Site "SchemingMind.com"]
[Date "2019.04.15"]
[Round "2"]
[White "Janusz Szopa"]
[Black "Lee Shuck"]
[Result "1-0"]
[WhiteCountry "POL"]
[BlackCountry "ENG"]
[WhiteElo "2351"]
[WhiteRD "88"]
[BlackElo "1220"]
[BlackRD "94"]
[GameID "440113"]

1. e4 e5 2. Nf3 Nc6 3. Bc4 Bc5 4. c3 Nf6 5. d4 exd4 6. cxd4 Bb4+ 7. Bd2 Bxd2+ 8. Nbxd2 O-O 9. d5 Ne7 10. O-O d6
11. Re1 c6 12. dxc6 bxc6 13. e5 dxe5 14. Nxe5 Be6 15. Bxe6 fxe6 16. Nb3 Qxd1 17. Rexd1 a5 18. Nc5 Ng4 19. Nxg4 h5 20. Ne5 Rf5
21. Ncd7 Nd5 22. Nxc6 Nb4 23. Ne7+ Kf7 24. Nxf5 exf5 25. a3 Nc2 26. Rac1 Rc8 27. Rd2 Nxa3 28. Rxc8 Nb5 29. Rd5
1-0

[Event "2019 Standard Chess Dropout Tournament, Round 2"]
[Site "SchemingMind.com"]
[Date "2019.04.15"]
[Round "2"]
[White "JimM"]
[Black "Ed Mason"]
[Result "0-1"]
[WhiteCountry "USA"]
[BlackCountry "WLS"]
[WhiteElo "1671"]
[WhiteRD "86"]
[BlackElo "1722"]
[BlackRD "103"]
[GameID "440114"]

1. e4 e5 2. Nf3 Nf6 3. d4 Nxe4 4. Bd3 d5 5. Nxe5 Nd7 6. Nxd7 Bxd7 7. O-O Bd6 8. c4 c6 9. cxd5 cxd5 10. Nc3 Nxc3
11. bxc3 O-O 12. Qh5 f5 13. c4 g6 14. Qf3 Bc6 15. c5 Bc7 16. Bh6 Rf7 17. Rae1 Qh4 18. Qh3 Qxd4 19. Rc1 Re8 20. Rfd1 Qf6
21. g3 Bd7 22. f4 Re3 23. Bb1 Qe6 24. Bg5 Rf8 25. Rd2 Re1+ 26. Rxe1 Qxe1+ 27. Qf1 Qxd2 28. h4 Re8
0-1

[Event "2019 Standard Chess Dropout Tournament, Round 2"]
[Site "SchemingMind.com"]
[Date "2019.04.15"]
[Round "2"]
[White "Sebastian Strauchler"]
[Black "Diadoco"]
[Result "1-0"]
[WhiteCountry "ARG"]
[BlackCountry "MEX"]
[WhiteElo "2253"]
[WhiteRD "115"]
[BlackElo "2000"]
[BlackRD "89"]
[GameID "440115"]

1. e4 e5 2. Nf3 Nc6 3. Bb5 a6 4. Ba4 Nf6 5. O-O Be7 6. Re1 b5 7. Bb3 O-O 8. c3 d5 9. exd5 Nxd5 10. Nxe5 Nxe5
11. Rxe5 c6 12. d3 Bd6 13. Re1 Qh4 14. g3 Qh3 15. Re4 Qf5 16. Nd2 Qg6 17. Re1 f5 18. f4 Bxf4 19. Qf3 Bb8 20. Bxd5+ cxd5
21. Nb3 Ba7+ 22. d4 Be6 23. Bf4 Rae8 24. Bd6 Rf6 25. Be5 Rf7 26. Re3 Rd7 27. Rae1 Bf7 28. Rf1 Be6 29. Nc1 Bb8 30. Nd3 Rdd8
31. Bxb8 Rxb8 32. Nf4 Qf7 33. Nxe6 Rxe6 34. Rxe6 Qxe6 35. Qxf5 Qd6 36. Qf4 Qd8 37. Qf7+ Kh8 38. Rf5 h6 39. Qxd5 Qe8 40. Qe5 Qxe5
41. Rxe5 Kg8 42. Kf2 Kf7 43. Ke3 Rb6 44. Ke4 Rd6 45. b3 Rf6 46. Rf5 Ke6 47. Rxf6+ gxf6 48. c4 f5+ 49. Kf4
1-0

[Event "2019 Standard Chess Dropout Tournament, Round 2"]
[Site "SchemingMind.com"]
[Date "2019.04.11"]
[Round "2"]
[White "JPT"]
[Black "Apocalypse"]
[Result "0-1"]
[WhiteCountry "INT"]
[BlackCountry "USA"]
[WhiteElo "1765"]
[WhiteRD "92"]
[BlackElo "2348"]
[BlackRD "91"]
[GameID "440116"]

1. e4 c5 2. h3 Nc6 3. Nf3 g6 4. Nc3 Bg7 5. d3 Nf6 6. Be3 d5 7. Bxc5 Be6 8. Ba3 Rc8 9. e5 Nxe5 10. Nxe5 d4
11. Nb1 Qa5+ 12. Qd2 Qxe5+ 13. Be2 b5 14. O-O a5 15. b3 Nd5 16. Re1 Qc7 17. Rc1 h5 18. Bb2 Bh6 19. Qd1 Bxc1 20. Qxc1 Qxc2
21. Nd2 g5 22. Bf1 Qxc1 23. Rxc1 Kd7 24. Ne4 Rxc1 25. Bxc1 Rc8 26. Bxg5 a4 27. g3 a3 28. Bg2 Nb4 29. Bf3 Nxa2 30. Bxh5 Nc3
0-1

[Event "2019 Standard Chess Dropout Tournament, Round 2"]
[Site "SchemingMind.com"]
[Date "2019.04.15"]
[Round "2"]
[White "Michael Christensen"]
[Black "Ragged Rook"]
[Result "0-1"]
[WhiteCountry "GER"]
[BlackCountry "ENG"]
[WhiteElo "1560"]
[WhiteRD "108"]
[BlackElo "1853"]
[BlackRD "84"]
[GameID "440117"]

1. e4 g6 2. d4 Bg7 3. Be3 d6 4. Bd3 c5 5. Nf3 cxd4 6. Bxd4 e5 7. Be3 Bg4 8. Be2 Nf6 9. Nc3 O-O 10. O-O Nc6
11. h3 Be6 12. Ng5 d5 13. Nxd5 Bxd5 14. exd5 Nxd5 15. Bd2 Re8 16. Bc4 Rc8 17. Qf3 e4 18. Qxf7+ Kh8 19. Bxd5 Ne5 20. Qg8+ Rxg8
0-1

[Event "2019 Standard Chess Dropout Tournament, Round 2"]
[Site "SchemingMind.com"]
[Date "2019.04.15"]
[Round "2"]
[White "Keithk"]
[Black "frankly"]
[Result "1/2-1/2"]
[WhiteCountry "ENG"]
[BlackCountry "ENG"]
[WhiteElo "2563"]
[WhiteRD "66"]
[BlackElo "2631"]
[BlackRD "69"]
[GameID "440118"]

1. d4 Nf6 2. c4 e6 3. Nf3 d5 4. Nc3 c6 5. Bg5 h6 6. Bh4 dxc4 7. e4 g5 8. Bg3 b5 9. Be2 b4 10. Na4 Nxe4
11. Be5 Nf6 12. Nc5 c3 13. bxc3 bxc3 14. O-O Nbd7 15. Nxd7 Bxd7 16. Ba6 Qe7 17. Rc1 Bg7 18. Rxc3 O-O 19. Re1 Nd5 20. Rc1 Rad8
21. h3 Be8 22. Bf1 Bxe5 23. Nxe5 Qd6 24. Nc4 Qe7 25. Nd2 Kg7 26. Nb3 f6 27. Qf3 Rc8 28. Ba6 Rc7 29. Nc5 Bf7 30. g3 Qe8
31. Rb1 h5 32. Kh2 Qe7 33. Bc4 Qd6 34. Ne4 Qd8 35. Rbc1 Re8 36. Nc5 Rce7 37. Ne4 Rc7 38. Nc5 Rce7 39. Ne4 Rb7 40. Bb3 Rb6
41. Nc5 Rb4 42. Qd3 Nc7 43. Rcd1 Bg6 44. Qd2 a5 45. a3 Rb8 46. Bxe6 Qd6 47. Bc4 h4 48. Kg2 Nd5 49. Rxe8 Rxe8 50. Re1 Rxe1
51. Qxe1 Bf7 52. Kh2 Qb8 53. Qc1 Ne7 54. Bd3 Bg6 55. Qe1 Nf5 56. Bxf5 Bxf5 57. Qe2 Kh6 58. Qe7 hxg3+ 59. fxg3 Qb2+ 60. Kh1 Qb1+
61. Kh2 Qa2+ 62. Kg1 Qb1+ 63. Kg2 Qb2+ 64. Kh1 Qb1+=
1/2-1/2

[Event "2019 Standard Chess Dropout Tournament, Round 2"]
[Site "SchemingMind.com"]
[Date "2019.04.10"]
[Round "2"]
[White "kenneth m day"]
[Black "Clive Everill"]
[Result "0-1"]
[WhiteCountry "USA"]
[BlackCountry "CZE"]
[WhiteElo "1732"]
[WhiteRD "54"]
[BlackElo "1745"]
[BlackRD "56"]
[GameID "440119"]

1. e4 d6 2. d4 Nf6 3. Nc3 g6 4. Nf3 Bg7 5. h3 O-O 6. Be3 c6 7. Be2 Nbd7 8. Qd2 Qc7 9. Bh6 b5 10. a3 e5
11. Bxg7 Kxg7 12. dxe5 dxe5 13. Qg5 Nh5 14. Nd2 f6 15. Qe3 Nf4 16. Qf3 Bb7 17. g3 Ne6 18. O-O-O Nd4 19. Qg4 Bc8 20. f4 Nc5
21. f5 a5 22. h4 b4 23. axb4 axb4 24. Ncb1 Ba6 25. Rde1 Bxe2 26. Rxe2 Nxe2+ 27. Qxe2 Nb7 28. Qc4 c5 29. Nb3 Rfd8 30. fxg6 hxg6
31. c3 bxc3 32. Nxc3 Rd6 33. Nb5 Qb6 34. Nxd6 Nxd6 35. Qd5 c4 36. Qxa8 cxb3 37. Qd5 Qc7+ 38. Kd1 Qc2+ 39. Ke1 Nxe4 40. Rh2 Qxh2
41. Qxe4 Qxb2 42. Kd1 Qa1+ 43. Kd2 b2
0-1

[Event "2019 Standard Chess Dropout Tournament, Round 2"]
[Site "SchemingMind.com"]
[Date "2019.04.11"]
[Round "2"]
[White "klagefall"]
[Black "Udo Sprang"]
[Result "1/2-1/2"]
[WhiteCountry "GER"]
[BlackCountry "NED"]
[WhiteElo "2020"]
[WhiteRD "112"]
[BlackElo "1946"]
[BlackRD "112"]
[GameID "440120"]

1. d4 Nf6 2. Nf3 c5 3. d5 b5 4. c4 Bb7 5. Nbd2 bxc4 6. e4 e6 7. Bxc4 exd5 8. exd5 Qe7+ 9. Kf1 Nxd5 10. Qb3 Nb6
11. a4 Nxc4 12. Qxb7 Nb6 13. a5 d6 14. Qxe7+ Bxe7 15. axb6 Nc6 16. bxa7 Rxa7 17. Rxa7 Nxa7 18. Ke2 Kd7 19. Rd1 Nb5 20. Nc4 Kc6
21. Ne3 Re8 22. Kf1 Nc7 23. Nf5 Bf8 24. Bf4 Nd5 25. Bg3 g6 26. Ne3 Rxe3 27. fxe3=
1/2-1/2

[Event "2019 Standard Chess Dropout Tournament, Round 2"]
[Site "SchemingMind.com"]
[Date "2019.04.10"]
[Round "2"]
[White "Arthur Wilding"]
[Black "Ingemar Assarsjö"]
[Result "0-1"]
[WhiteCountry "WLS"]
[BlackCountry "SWE"]
[WhiteElo "1125"]
[WhiteRD "93"]
[BlackElo "1853"]
[BlackRD "117"]
[GameID "440121"]

1. d4 Nf6 2. e3 d5 3. Nc3 Bf5 4. Bb5+ c6 5. Bd3 Bg6 6. Bxg6 hxg6 7. Nf3 e6 8. Nd2 Bd6 9. h3 Nbd7 10. O-O Qc7
11. b3 O-O-O 12. a4 g5 13. Re1 Rh7 14. a5 a6 15. f3 Rdh8 16. Ba3 Rh4 17. Bxd6 Qxd6 18. e4 Qg3 19. Nf1 Qc7 20. exd5 cxd5
21. Ne2 Nh5 22. Ne3 f5 23. Rc1 Ndf6 24. c4 Qxa5 25. cxd5+ Kb8 26. Ra1 Qb6 27. Rb1 Nxd5 28. Nxd5 exd5 29. Nc3 Rxd4 30. Na4 Rxa4+
31. Kh1 Ra2 32. Qd3 Qf2 33. Rg1 Nf4 34. Qxf5 Rxh3+ 35. Qxh3 Nxh3 36. Kh2 Nxg1 37. Rxg1 Qh4#
0-1

[Event "2019 Standard Chess Dropout Tournament, Round 2"]
[Site "SchemingMind.com"]
[Date "2019.04.10"]
[Round "2"]
[White "Thomas Jacob Kelly"]
[Black "Allan Sedstrem"]
[Result "1-0"]
[WhiteCountry "USA"]
[BlackCountry "SCO"]
[WhiteElo "1687"]
[WhiteRD "83"]
[BlackElo "1588"]
[BlackRD "65"]
[GameID "440122"]

1. e4 e5 2. Nf3 Nc6 3. Bb5 Nge7 4. O-O a6 5. Ba4 b5 6. Bb3 h6 7. c3 Bb7 8. d4 exd4 9. cxd4 Na5 10. Ne5 Bxe4
11. Bxf7#
1-0

[Event "2019 Standard Chess Dropout Tournament, Round 2"]
[Site "SchemingMind.com"]
[Date "2019.04.10"]
[Round "2"]
[White "Johnny Owens"]
[Black "2curious"]
[Result "1-0"]
[WhiteCountry "USA"]
[BlackCountry "USA"]
[WhiteElo "2411"]
[WhiteRD "74"]
[BlackElo "2070"]
[BlackRD "117"]
[GameID "440123"]

1. e4 c5 2. d3 Nc6 3. g3 g6 4. Bg2 Bg7 5. Ne2 e6 6. c4 Nge7 7. Nbc3 d6 8. Be3 O-O 9. Rb1 b6 10. d4 e5
11. d5 Nd4 12. Qd3 Bd7 13. O-O f5 14. Bg5 h6 15. Bd2 a6 16. b4 Nxe2+ 17. Nxe2 cxb4 18. Bxb4 fxe4 19. Qa3 Nf5 20. Bxd6 Nxd6
21. Qxd6 Rf6 22. Qa3 Rc8 23. Nc3 Rxc4 24. Nxe4 Bf5 25. Nxf6+ Qxf6 26. Qxa6 Bxb1 27. Qxc4 Qf5 28. d6+ Kf8 29. Qc7
1-0

[Event "2019 Standard Chess Dropout Tournament, Round 2"]
[Site "SchemingMind.com"]
[Date "2019.04.11"]
[Round "2"]
[White "Lanaroon"]
[Black "anne"]
[Result "0-1"]
[WhiteCountry "ENG"]
[BlackCountry "GER"]
[WhiteElo "1535"]
[WhiteRD "105"]
[BlackElo "2097"]
[BlackRD "87"]
[GameID "440124"]

1. e4 e5 2. Nf3 Nc6 3. Bb5 a6 4. Ba4 Nf6 5. O-O Be7 6. Re1 b5 7. Bb3 O-O 8. d3 d6 9. c3 Na5 10. Bc2 c5
11. h3 Qc7 12. d4 Bd7 13. b4 cxb4 14. cxb4 Nc4 15. d5 a5 16. Bd2 Nxd2 17. Qxd2 axb4 18. Qxb4 Qxc2 19. Na3 Qa4 20. Qxa4 Rxa4
21. Nc2 Rc8 22. Re2 Nxe4 23. a3 Nc3 24. Rd2 Bf6 25. Nb4 Rca8 26. g4 Rxb4 27. axb4 Rxa1+ 28. Kg2 e4 29. Nd4 Bg5 30. Rb2 Nxd5
0-1

[Event "2019 Standard Chess Dropout Tournament, Round 2"]
[Site "SchemingMind.com"]
[Date "2019.04.10"]
[Round "2"]
[White "Lee Shuck"]
[Black "malcolm chugg"]
[Result "0-1"]
[WhiteCountry "ENG"]
[BlackCountry "WLS"]
[WhiteElo "1220"]
[WhiteRD "89"]
[BlackElo "1254"]
[BlackRD "54"]
[GameID "440125"]

1. e4 e5 2. Nf3 Bd6 3. Nc3 f6 4. d4 Ne7 5. dxe5 Bxe5 6. Nxe5 fxe5 7. Bb5 Nbc6 8. Bg5 d6 9. Nd5 O-O 10. Nxe7+ Nxe7
11. Bxe7 Qxe7 12. O-O c6 13. Bc4+ Be6 14. b3 Bxc4 15. bxc4 Rfd8 16. Rb1 b6 17. a4 Qe6 18. Qd3 Rdb8 19. g3 a5 20. f4 Qe7
21. fxe5 dxe5 22. h3 Rd8 23. Qb3 Qc5+ 24. Kg2 Rd2+ 25. Rf2 Qxf2+ 26. Kh1 Qh2#
0-1

[Event "2019 Standard Chess Dropout Tournament, Round 2"]
[Site "SchemingMind.com"]
[Date "2019.04.15"]
[Round "2"]
[White "William Lindberg"]
[Black "FransEvers"]
[Result "1-0"]
[WhiteCountry "USA"]
[BlackCountry "NED"]
[WhiteElo "2510"]
[WhiteRD "68"]
[BlackElo "1975"]
[BlackRD "111"]
[GameID "440126"]

1. c4 Nf6 2. d4 e6 3. Nf3 a6 4. Bg5 c5 5. e3 cxd4 6. exd4 Be7 7. Nc3 O-O 8. Bd3 d5 9. c5 b6 10. b4 h6
11. Bf4 a5 12. Na4 bxc5 13. bxc5 Nc6 14. Nb6 Ra7 15. Bb5 Bd7 16. Nxd7 Qxd7 17. Ne5 Qb7 18. Bxc6 Qb4+ 19. Qd2
1-0

[Event "2019 Standard Chess Dropout Tournament, Round 2"]
[Site "SchemingMind.com"]
[Date "2019.04.11"]
[Round "2"]
[White "malcolm chugg"]
[Black "spittingfire"]
[Result "1-0"]
[WhiteCountry "WLS"]
[BlackCountry "CAN"]
[WhiteElo "1254"]
[WhiteRD "54"]
[BlackElo "2139"]
[BlackRD "199"]
[GameID "440128"]

1. f4 d5 2. d4 Nf6 3. e3 c5 4. Nf3 Nc6 5. a3 cxd4 6. Nxd4 g6 7. Qd3 Bg7 8. Be2 O-O 9. c3 Qc7 10. Bd2 e5
11. Nb3 Bf5 12. e4 dxe4 13. Qe3
1-0

[Event "2019 Standard Chess Dropout Tournament, Round 2"]
[Site "SchemingMind.com"]
[Date "2019.04.14"]
[Round "2"]
[White "Massey Ferguson"]
[Black "pnwmusichound"]
[Result "1-0"]
[WhiteCountry "ENG"]
[BlackCountry "USA"]
[WhiteElo "2090"]
[WhiteRD "117"]
[BlackElo "1920"]
[BlackRD "105"]
[GameID "440129"]

1. d4 Nf6 2. Bf4 g6 3. Nf3 Bg7 4. e3 O-O 5. Be2 Nh5 6. Be5 f6 7. Bg3 Nxg3 8. hxg3 d6 9. Nc3 c6 10. Qd3 Be6
11. O-O-O Na6 12. Qe4 Bf5 13. Qh4 h5 14. Kb1 b5 15. e4 Be6 16. d5 cxd5 17. Nd4 Bf7 18. Nxd5 Qa5 19. Nc6 g5 20. Ndxe7+ Kh7
21. Qxh5+ Bxh5 22. Rxh5+ Bh6 23. Nxa5
1-0

[Event "2019 Standard Chess Dropout Tournament, Round 2"]
[Site "SchemingMind.com"]
[Date "2019.04.10"]
[Round "2"]
[White "MichaelG"]
[Black "Massey Ferguson"]
[Result "1/2-1/2"]
[WhiteCountry "GER"]
[BlackCountry "ENG"]
[WhiteElo "2024"]
[WhiteRD "97"]
[BlackElo "2068"]
[BlackRD "118"]
[GameID "440130"]

1. Nf3 d5 2. c4 c6 3. g3 Nf6 4. Bg2 Bf5 5. Qb3 Qb6 6. d3 e6 7. Be3 Qxb3 8. axb3 a6 9. Nh4 Bb4+ 10. Nc3 Bg6
11. h3 Nbd7 12. Kd1 O-O 13. Kc2 a5 14. g4 Rfc8 15. Nxg6 hxg6 16. f4 b6 17. Bf2 Bd6 18. Na4 Rcb8 19. e3 Rd8 20. Nc3 Nc5
21. Na4 Ncd7 22. Nc3 Nc5 23. Na4=
1/2-1/2